Manažérske účtovníctvo ako súčasť účtovného informačného systému bakalárska práca

Salvato in:
Dettagli Bibliografici
Autore principale: Plocháň, Pavol
Ente Autore: Národohospodárska fakulta EU. Katedra financií
Altri autori: Staríčková, Zuzana
Natura: Libro
Lingua:slovacco
Pubblicazione: Bratislava 2015
Tags: Aggiungi Tag
Nessun Tag, puoi essere il primo ad aggiungerne!!

MARC

LEADER 00000nbm a2200000 4500
001 0206389
005 20161212094918.5
041 0 |a slo 
044 |a SK 
245 1 0 |a Manažérske účtovníctvo ako súčasť účtovného informačného systému  |b bakalárska práca  |c Pavol Plocháň ; školiteľ: Zuzana Staríčková 
264 1 |a Bratislava  |c 2015 
300 |a 41 s. 
100 1 |a Plocháň, Pavol 
700 1 |a Staríčková, Zuzana 
710 2 |a Národohospodárska fakulta EU. Katedra financií